La cruz del diablo (Record no. 184439)

MARC details
000 -LÍDER
campo de controle de tamanho fixo 00320 a2200145 4500
001 - NÚMERO DE CONTROLE
campo de controle 184439
020 ## - ISBN - INTERNATIONAL STANDARD BOOK NUMBER
ISBN - International Standard Book Number 84-294-3421-6
040 ## - FONTE DA CATALOGAÇÃO
Instituição que transcreveu o registro Magnum
100 ## - ENTRADA PRINCIPAL--NOME PESSOAL
Nome pessoal Bécquer, Gustavo Adolfo
240 10 - TÍTULO UNIFORME
Título uniforme La cruz del diablo
Idioma da obra por
245 10 - TÍTULO
Título La cruz del diablo
300 ## - DESCRIÇÃO FÍSICA
Extensão 39
697 ## - ENTRADA DE ASSUNTO LOCAL--ENTIDADE COLETIVA (RLIN)
Nome corporativo ou nome da jurisdição LITERATURA ESPANHOLA
942 ## - ELEMENTOS DE ENTRADA ADICIONADOS (KOHA)
Tipo de material Koha Livros
Holdings
Situação do descarte Situação das perdas Situação física Não pode ser emprestado Biblioteca de origem Biblioteca atual Data de aquisição Total de empréstimos Número de chamada completo Código de barras Data de último acesso Data do preço efetivo Tipo de material Koha
        Magnum Magnum 08/06/2024   863.43 MAG00043754 08/06/2024 08/06/2024 Livros
        Magnum Magnum 08/06/2024   863.43 MAG00043755 08/06/2024 08/06/2024 Livros